Guess the Rock Artist by album cover: 3 - Statistics

General Stats
  • This quiz has been taken 36 times
  • The average score is 11 of 16
Answer Stats
Picture Answer % Correct
Metallica
100%
Guns N' Roses
97%
Van Halen
82%
Bon Jovi
76%
ACDC
71%
Creedence Clearwater Revival
68%
Deep Purple
68%
Lynyrd Skynyrd
68%
Led Zeppelin
65%
Pearl Jam
62%
Def Leppard
59%
Stevie Ray Vaughan
59%
Blue Oyster Cult
53%
ZZ Top
50%
Ozzy Osbourne
38%
Judas Priest
35%
No matching quizzes found
Score Distribution
Percent of People with Each Score
Percentile by Number Answered
Your Score History
You have not taken this quiz